Basic experiments with radioisotopes : (Record no. 12077)
[ view plain ]
| 000 -LEADER | |
|---|---|
| fixed length control field | 00977nam a2200253 i 4500 |
| 001 - CONTROL NUMBER | |
| control field | 782285 |
| 003 - CONTROL NUMBER IDENTIFIER | |
| control field | EG-ScBUE |
| 005 - DATE AND TIME OF LATEST TRANSACTION | |
| control field | 20250717090144.0 |
| 008 - FIXED-LENGTH DATA ELEMENTS--GENERAL INFORMATION | |
| fixed length control field | 730410s1972 enka f 000 0 eng d |
| 020 ## - INTERNATIONAL STANDARD BOOK NUMBER | |
| International Standard Book Number | 027336152X |
| 040 ## - CATALOGING SOURCE | |
| Original cataloging agency | DLC |
| Language of cataloging | eng |
| Description conventions | rda |
| Transcribing agency | DLC |
| Modifying agency | DLC |
| -- | EG-ScBUE |
| 082 04 - DEWEY DECIMAL CLASSIFICATION NUMBER | |
| Classification number | 541.3884028 |
| Edition number | 22 |
| Item number | AND |
| 100 1# - MAIN ENTRY--PERSONAL NAME | |
| Personal name | Andrews, John N., |
| Relator term | author. |
| 9 (RLIN) | 7099 |
| 245 10 - TITLE STATEMENT | |
| Title | Basic experiments with radioisotopes : |
| Remainder of title | for courses in physics, chemistry and biology / |
| Statement of responsibility, etc | J. N. Andrews, PhD, DIC, ARIC, director of nuclear studies, University of Bath, D. J. Hornsey, lecture in radiobiology, University of Bath. |
| 264 #1 - PUBLICATION, DISTRIBUTION, ETC. (IMPRINT) | |
| Place of publication, distribution, etc | London : |
| Name of publisher, distributor, etc | Pitman, |
| Date of publication, distribution, etc | 1972. |
| 300 ## - PHYSICAL DESCRIPTION | |
| Extent | xiii, 277, [8] pages : |
| Other physical details | illustrations ; |
| Dimensions | 23 cm |
| 336 ## - CONTENT TYPE | |
| Source | rdacontent |
| Content type term | text |
| Content type code | txt |
| 337 ## - MEDIA TYPE | |
| Media type term | unmediated |
| Source | rdamedia |
| Media type code | n |
| 338 ## - CARRIER TYPE | |
| Carrier type term | volume |
| Carrier type code | nc |
| Source | rdacarrier |
| 650 #7 - SUBJECT ADDED ENTRY--TOPICAL TERM | |
| Topical term or geographic name as entry element | Radioisotopes |
| General subdivision | Experiments. |
| Source of heading or term | BUEsh |
| 9 (RLIN) | 7100 |
| 655 ## - INDEX TERM--GENRE/FORM | |
| Form subdivision | Reading book |
| 700 1# - ADDED ENTRY--PERSONAL NAME | |
| Personal name | Hornsey, David John, |
| Relator term | joint author. |
| 9 (RLIN) | 7101 |
| 942 ## - ADDED ENTRY ELEMENTS (KOHA) | |
| Source of classification or shelving scheme | Dewey Decimal Classification |
| Koha item type | Book - Borrowing |
| Withdrawn status | Lost status | Source of classification or shelving scheme | Damaged status | Not for loan | Collection code | Home library | Current library | Shelving location | Date acquired | Source of acquisition | Cost, normal purchase price | Total Checkouts | Full call number | Barcode | Date last seen | Koha item type |
|---|---|---|---|---|---|---|---|---|---|---|---|---|---|---|---|---|
| Dewey Decimal Classification | Alef-Baa | Central Library | Central Library | First floor | 29/06/2009 | Purchase | 150.00 | 541.3884028 AND | 000017231 | 15/07/2025 | Book - Borrowing |